Moodle kompletní průvodce tvorbou a správou elektronických kurzů
Uložené v:
| Hlavný autor: | |
|---|---|
| Ďalší autori: | , , |
| Médium: | Kniha |
| Jazyk: | Czech |
| Vydavateľské údaje: |
Brno
Computer Press
2013
|
| Predmet: | |
| Tagy: |
Žiadne tagy, Buďte prvý, kto otaguje tento záznam!
|
MARC
| LEADER | 00000nam a2200000 4500 | ||
|---|---|---|---|
| 001 | 0182747 | ||
| 005 | 20240313133236.1 | ||
| 020 | |a 978-80-251-3759-8 | ||
| 041 | 0 | |a cze | |
| 044 | |a CZ | ||
| 245 | 1 | 0 | |a Moodle |b kompletní průvodce tvorbou a správou elektronických kurzů |c Martin Drlík, Peter Švec, Jozef Kapusta, Miroslava Mesárošová |
| 264 | 1 | |a Brno |b Computer Press |c 2013 | |
| 300 | |a 344 s. | ||
| 610 | 2 | 0 | |a vzdelávanie elektronické |
| 610 | 2 | 0 | |a vyučovanie |
| 610 | 2 | 0 | |a kurzy |
| 610 | 2 | 0 | |a programy počítačové |
| 100 | 1 | |a Drlík, Martin | |
| 700 | 1 | |a Švec, Peter | |
| 700 | 1 | |a Kapusta, Jozef | |
| 700 | 1 | |a Mesárošová, Miroslava | |